Music Quiz

Random Music or Song Quiz

Guess the lyrics to this song from 1979 Quiz Stats

 Plays Quiz not verified by Sporcle

Score 0/200 Timer 12:00
0 Plays Today
Lyrics % Correct
the
100%
a
100%
a
100%
a
100%
the
100%
a
100%
and
100%
a
100%
a
100%
You
92.1%
you
92.1%
You
92.1%
you
92.1%
you
92.1%
you
92.1%
you
92.1%
You
92.1%
you
92.1%
you
92.1%
you
92.1%
you
92.1%
you
92.1%
You
92.1%
you
92.1%
you
92.1%
to
90.7%
to
90.7%
to
90.7%
to
90.7%
to
90.7%
to
90.7%
to
90.7%
to
90.7%
to
90.7%
to
90.7%
to
90.7%
to
90.7%
to
90.7%
to
90.7%
to
90.7%
to
90.7%
to
90.7%
be
84.7%
be
84.7%
be
84.7%
me
83.7%
me
83.7%
me
83.7%
me
83.7%
in
82.8%
We
81.9%
we
81.9%
We
81.9%
we
81.9%
we
81.9%
it
79.5%
it
79.5%
it
79.5%
it
79.5%
it
79.5%
it
79.5%
no
75.8%
no
75.8%
No
75.8%
No
75.8%
No
75.8%
have
70.7%
Lyrics % Correct
have
70.7%
have
70.7%
have
70.7%
have
70.7%
have
70.7%
have
70.7%
know
68.8%
what
68.8%
don't
68.4%
don't
68.4%
don't
68.4%
don't
68.4%
don't
68.4%
don't
68.4%
don't
68.4%
don't
68.4%
don't
68.4%
for
67.9%
of
67%
of
67%
want
63.3%
want
63.3%
your
62.8%
why
61.4%
like
60%
like
60%
like
60%
like
60%
like
60%
Who
59.5%
all
57.2%
one
57.2%
see
56.7%
see
56.7%
see
56.7%
too
55.3%
were
55.3%
there
54.9%
got
49.8%
got
49.8%
get
48.8%
this
48.8%
some
47.9%
some
47.9%
Its
47.4%
live
45.1%
live
45.1%
live
45.1%
live
45.1%
live
45.1%
I'm
44.2%
real
41.4%
real
41.4%
up
41.4%
had
40.5%
had
40.5%
been
40%
make
38.1%
now
38.1%
Tell
36.7%
much
36.3%
those
35.8%
baby
34.9%
baby
34.9%
baby
34.9%
Baby
34.9%
Baby
34.9%
Lyrics % Correct
matter
34.4%
matter
34.4%
really
34%
really
34%
talk
33%
about
32.1%
things
30.2%
feel
28.8%
free
26.5%
free
26.5%
must
25.6%
must
25.6%
around
23.7%
around
23.7%
difference
23.7%
around
23.7%
Ain't
22.8%
refugee
22.8%
refugee
22.8%
refugee
22.8%
ain't
22.8%
ain't
22.8%
refugee
22.8%
refugee
22.8%
somethin'
22.3%
Right
22.3%
fight
21.9%
fight
21.9%
both
20.9%
knows
19.5%
away
19.5%
believe
17.7%
believe
17.7%
other
16.3%
somebody
15.3%
lot
15.3%
somebody
15.3%
same
14.4%
sure
14.4%
big
14%
Somewhere
13.5%
first
13.5%
Somewhere
13.5%
taken
11.6%
somehow
11.2%
somehow
11.2%
Everybody's
11.2%
somehow
11.2%
everybody's
11.2%
lovers
10.2%
ransom
9.8%
kicked
9.3%
kicked
9.3%
held
9.3%
true
8.8%
maybe
8.8%
Honey
8.4%
tied
8.4%
Honey
8.4%
Listen
7%
lay
6.5%
secret
5.6%
kidnapped
5.1%
abandon
4.7%
revel
4.2%
burned
2.3%

You're not logged in!

Compare scores with friends on all Sporcle quizzes.
OR
Log In

Show Comments

Extras

Created Nov 27, 2010ReportNominate
Tags:Song Quiz, 1979

Top Quizzes Today


Score Distribution

Your Account Isn't Verified!

In order to create a playlist on Sporcle, you need to verify the email address you used during registration. Go to your Sporcle Settings to finish the process.

Report this User

Report this user for behavior that violates our Community Guidelines.

Details: